| 000 | 00641nam a2200241 a 4500 | ||
|---|---|---|---|
| 005 | 20210219153505.0 | ||
| 008 | 991125n 000 0 u | ||
| 035 | _aUPN01000102593 | ||
| 100 | _aSeymour, Daniel | ||
| 222 | _aEDUCATIONAL RECORD | ||
| 245 | _aTQM : focus on performance, not resources | ||
| 300 | _a6-14 | ||
| 362 | _a74, No. 2, 1993 | ||
| 505 | _aOctubre 1993 | ||
| 653 | 0 | _aADMINISTRACION DE COLEGIOS | |
| 653 | 0 | _aCALIDAD EDUCATIVA | |
| 653 | 0 | _aCONTROL DE CALIDAD | |
| 653 | 0 | _aEFICIENCIA | |
| 653 | 0 | _aEXCELENCIA EDUCATIVA | |
| 653 | 0 | _aSISTEMAS DE DIRECCION | |
| 904 |
_aAC _b040404 |
||
| 905 | _aArticulo | ||
| 999 |
_c78250 _d78250 |
||